|
|
|
|
| LEADER |
00000nab a2200000uu 4500 |
| 001 |
vtls011431716 |
| 003 |
SK-MaSNL |
| 005 |
20260303164451.0 |
| 008 |
230313|1986 xo |||||||||||||||||slo| |
| 015 |
|
|
|a SNBRB
|
| 035 |
|
|
|a (urnnbn)urn:nbn:sk:snk:ar-000ioe
|
| 035 |
|
|
|a (uuid)5f74c45a-854d-44be-9cde-83bec9b6cb33
|
| 035 |
|
|
|a urn:nbn:sk:snk-abc86j
|
| 040 |
|
|
|a SNKBUCL
|b slo
|c SNKBUCL
|e AACR2
|
| 041 |
0 |
|
|a slo
|
| 044 |
|
|
|a xo
|c SK
|
| 100 |
1 |
|
|a Kriška, Fedor,
|d 1935-2011
|4 aut
|9 103303
|
| 245 |
1 |
0 |
|a ŠPECIFICKOSŤ PLAGÁTU
|c Fedor Kriška
|
| 773 |
0 |
|
|t Romboid
|g Roč. 21, č. 11 (1986), s. 63-65
|
| 958 |
|
|
|a OND
|
| 958 |
|
|
|a EUIPO
|
| 958 |
|
|
|a article16
|
| 999 |
|
|
|c 2065521
|d 2067451
|